CIVIL ENGINEERING DRAWING AND DESIGN (Record no. 22926)

MARC details
000 -LEADER
fixed length control field 00354nam a22001577a 4500
003 - CONTROL NUMBER IDENTIFIER
control field SGT
020 ## - INTERNATIONAL STANDARD BOOK NUMBER
International Standard Book Number 9788123918099
082 ## - DEWEY DECIMAL CLASSIFICATION NUMBER
Classification number 624,GHO
100 ## - MAIN ENTRY--PERSONAL NAME
Personal name GHOSE,D.N.
245 ## - TITLE STATEMENT
Title CIVIL ENGINEERING DRAWING AND DESIGN
250 ## - EDITION STATEMENT
Edition statement 2ND
260 ## - PUBLICATION, DISTRIBUTION, ETC. (IMPRINT)
Place of publication, distribution, etc NEW DELHI
Name of publisher, distributor, etc CBS PUBLISHER
Year of Publication 2015
300 ## - PAGE DESCRIPTION
No. of Pages 324
650 ## - SUBJECT ADDED ENTRY--TOPICAL TERM
Topical term or geographic name as entry element CIVIL ENGINEERING
942 ## - ADDED ENTRY ELEMENTS (KOHA)
Source of classification or shelving scheme Dewey Decimal Classification
Koha item type Books
Holdings
Withdrawn status Lost status Source of classification or shelving scheme Damaged status Use restrictions Not for loan Collection code Home library Current library Shelving location Date acquired Vendor Name Cost, normal purchase price SGTU Bill Number Full call number Accession No. (Barcode) Date last seen Bill Date Koha item type Total Checkouts
    Dewey Decimal Classification   Restricted Access Not For Loan ENGINEERING SGT Engineering Library SGT Engineering Library Reference Book 24/06/2022 AHUJA BOOK COMPANY PVT.LTD 395.00 SGTU 14477 624,GHO FE8461 24/06/2022 19/05/2022 Books  
    Dewey Decimal Classification       ENGG BOOK BANK SGT Engineering Library SGT Engineering Library Text Book 24/06/2022 AHUJA BOOK COMPANY PVT.LTD 395.00 SGTU 14477 624,GHO FE8462 24/06/2022 19/05/2022 Books